[Event "Candidats (Women) qf4"]
[Site "Alicante"]
[Date "1983.??.??"]
[Round "6"]
[White "Alexandria, Nana"]
[Black "Lematschko, Tatjana"]
[Result "1-0"]
[WhiteElo "2355"]
[BlackElo "2255"]

1.d4 Nf6 2.c4 e6 3.Nf3 Bb4+ 4.Bd2 Qe7 5.g3 Nc6 6.Bg2 Bxd2+ 7.Nbxd2 d6 8.O-O O-O
9.e4 e5 10.d5 Nb8 11.Ne1 a5 12.Nd3 Na6 13.b3 b6 14.a3 Nc5 15.Nb2 Bd7 16.b4 Nb7
17.Nd3 Ra7 18.Qc2 Rfa8 19.b5 Rf8 20.Rae1 Ng4 21.f4 g6 22.f5 f6 23.h4 Nh6
24.Bh3 Kh8 25.Kh2 Rg8 26.Nf2 g5 27.hxg5 Rxg5 28.Nf3 Rg7 29.Qd2 Nf7 30.Bg4 Ra8
31.Bh5 Rag8 32.g4 Ng5 33.Nxg5 Rxg5 34.Nh3 Be8 35.Bxe8 Qxe8 36.Nxg5 Rxg5 37.Rg1 Nc5
38.Rg3 Qf8 39.Kg2 Qg7 40.Qe2 a4 41.Rh1 Kg8 42.Rh4 Nb3 43.Kf2 Nc5 44.Rgh3 Nd7
45.Qd1 Nc5 46.Qh1 h5 47.Rxh5 Rxh5 48.Rxh5 Nd7 49.Qh4 Nf8 50.Kf3 Nh7 51.Rxh7 Qxh7
52.Qxh7+ Kxh7 53.Kg3 Kg7 54.Kh4 Kh6 55.g5+ fxg5+ 56.Kg4 Kg7 57.Kxg5 Kf7 58.Kh6  1-0

[Event "OHRA"]
[Site "Amsterdam"]
[Date "1983.??.??"]
[Round "?"]
[White "Ligterink, Gert"]
[Black "Sunye Neto, Jaime"]
[Result "1/2-1/2"]
[WhiteElo "2430"]
[BlackElo "2490"]

1.d4 Nf6 2.Nf3 e6 3.c4 Bb4+ 4.Bd2 a5 5.g3 d5 6.Qc2 Nc6 7.Bg2 dxc4 8.Qxc4 Qd5
9.Qxd5 exd5 10.Nc3 a4 11.O-O Bg4 12.Ne5 Nxe5 13.dxe5 Nd7 14.h3 Bxe2 15.Rfe1 Bc4
16.b3 d4 17.Ne4 Bxd2 18.Nxd2 Ba6 19.e6 fxe6 20.Rxe6+ Kd8 21.Rc1 c6 22.Rd6 d3
23.Nc4 Kc7 24.Rxd3 axb3 25.axb3 Bxc4 26.bxc4 Nc5 27.Re3 Rhe8 28.Rce1 Rxe3
29.Rxe3 Kd6 30.h4 Ra1+ 31.Bf1 b5 32.cxb5 cxb5 33.Kg2 b4 34.Bc4 Ra3 35.Re8 Rc3
36.Bg8 h6 37.Rb8 b3 38.Rb4 Rc2 39.Bxb3 Rxf2+  1/2-1/2

[Event "OHRA"]
[Site "Amsterdam"]
[Date "1983.??.??"]
[Round "?"]
[White "De Boer, Gert Jan"]
[Black "Van der Vliet, Fred"]
[Result "1-0"]
[WhiteElo "2330"]
[BlackElo "2345"]

1.d4 Nf6 2.c4 e6 3.Nf3 Bb4+ 4.Bd2 a5 5.g3 d5 6.Bg2 dxc4 7.Qc2 Nc6 8.Qxc4 Qd5
9.Qd3 O-O 10.Nc3 Qh5 11.a3 Bd6 12.e4 Rd8 13.Qc4 e5 14.d5 Na7 15.h3 Ne8 16.g4 Qg6
17.Nh4 Qf6 18.Nf5 Rd7 19.b4 b5 20.Qb3 Bf8 21.O-O g6 22.g5 Qd8 23.Nh6+ Bxh6
24.gxh6 a4 25.Qc2 Nd6 26.Rae1 f6 27.f4 Nf7 28.fxe5 Nxe5 29.Rf2 Rf7 30.Ref1 Bd7
31.Ne2 Nc8 32.Nd4 Nd6 33.Ne6 Bxe6 34.dxe6 Rf8 35.Bg5 Ne8 36.Qc3 Nc4 37.e5  1-0

[Event "Athens"]
[Site "Athens"]
[Date "1983.??.??"]
[Round "?"]
[White "Inkiov, Ventzislav"]
[Black "Skembris, Spyridon"]
[Result "1/2-1/2"]
[WhiteElo "2500"]
[BlackElo "2405"]

1.d4 Nf6 2.c4 e6 3.Nf3 Bb4+ 4.Bd2 Qe7 5.g3 O-O 6.Bg2 Bxd2+ 7.Nbxd2 d6 8.O-O e5
9.e4 c5 10.d5 Bg4 11.h3 Bxf3 12.Qxf3 Nbd7 13.Qe2 g6 14.Rae1 Rae8 15.h4 Nh5
16.Bh3  1/2-1/2

[Event "Baku"]
[Site "Baku"]
[Date "1983.??.??"]
[Round "?"]
[White "Cvitan, Ognjen"]
[Black "Taimanov, Mark E"]
[Result "0-1"]
[WhiteElo "2410"]
[BlackElo "2515"]

1.d4 Nf6 2.c4 e6 3.Nf3 Bb4+ 4.Bd2 a5 5.Nc3 b6 6.e3 Bb7 7.Bd3 d6 8.Qc2 Nbd7
9.e4 e5 10.O-O O-O 11.Rfe1 Re8 12.Nd5 Bxd2 13.Qxd2 Nf8 14.g3 N6d7 15.Bf1 Ne6
16.Ne3 Nxd4 17.Nxd4 exd4 18.Qxd4 c5 19.Qxd6 Ne5 20.Qxd8 Nf3+ 21.Kh1 Raxd8
22.Red1 Bxe4 23.Bg2 Kf8 24.h3 h5 25.Nf5 Rxd1+ 26.Rxd1 Bc2 27.Rc1 Re1+ 28.Rxe1 Nxe1
29.Ne3 Bb1 30.Bc6 Bxa2 31.Ba4 Bb1 32.f3 Nxf3 33.Nd5 Be4 34.Nxb6 Ke7 35.Nc8+ Ke6
36.Kg2 Nd4+ 37.Kf2 Bc2 38.Nb6 Bb3  0-1

[Event "Baku"]
[Site "Baku"]
[Date "1983.??.??"]
[Round "?"]
[White "Kirov, Nino"]
[Black "Toshkov, Tihomir"]
[Result "1/2-1/2"]
[WhiteElo "2445"]
[BlackElo "2375"]

1.d4 Nf6 2.c4 e6 3.Nf3 Bb4+ 4.Bd2 Qe7 5.e3 Nc6 6.Bd3 O-O 7.O-O Bxd2 8.Nbxd2 d6
9.Ne4 e5 10.Nxf6+ Qxf6 11.dxe5 Nxe5 12.Nxe5 Qxe5 13.Qc2 g6 14.Rac1 a5 15.Qc3 Qxc3
16.Rxc3  1/2-1/2

[Event "Baku"]
[Site "Baku"]
[Date "1983.??.??"]
[Round "?"]
[White "Van der Sterren, Paul"]
[Black "Rashkovsky, Nukhim N"]
[Result "1/2-1/2"]
[WhiteElo "2445"]
[BlackElo "2495"]

1.d4 Nf6 2.c4 e6 3.Nf3 Bb4+ 4.Bd2 a5 5.Nc3 b6 6.e3 Bb7 7.Bd3 d6 8.Qc2 Nbd7
9.e4 e5 10.Nd5 Bxd2+ 11.Qxd2 O-O 12.O-O c6 13.Nc3 Re8 14.Rfe1 Nf8 15.Rad1 Ng6
16.Bf1 Qc7 17.d5 c5 18.g3 Bc8 19.h3 Rf8 20.Nh2 Qe7 21.Bg2 Bd7 22.a4 h6 23.Qe2 Nh7
24.Nf1 Qg5 25.Ne3 Ne7 26.h4 Qg6 27.Qc2 Rad8 28.Bf3 Nf6 29.Kh2  1/2-1/2

[Event "Banja Luka"]
[Site "Banja Luka"]
[Date "1983.??.??"]
[Round "12"]
[White "Inkiov, Ventzislav"]
[Black "Kurajica, Bojan"]
[Result "1/2-1/2"]
[WhiteElo "2500"]
[BlackElo "2510"]

1.d4 Nf6 2.c4 e6 3.Nf3 Bb4+ 4.Bd2 Bxd2+ 5.Qxd2 O-O 6.Nc3 d5 7.Qc2 dxc4 8.e3 c5
9.dxc5 Qa5 10.Bxc4 Qxc5 11.Bd3 b6 12.O-O Bb7 13.Qe2 a6 14.Rac1 Rc8 15.Rc2 Qe7
16.Ne4 Nbd7 17.Rxc8+ Bxc8 18.Nxf6+  1/2-1/2

[Event "Bayamo"]
[Site "Bayamo"]
[Date "1983.??.??"]
[Round "?"]
[White "Frias, Victor J"]
[Black "Hernandez, Roman"]
[Result "1/2-1/2"]
[WhiteElo "2440"]
[BlackElo "2435"]

1.d4 Nf6 2.c4 e6 3.Nf3 Bb4+ 4.Bd2 Qe7 5.g3 O-O 6.Bg2 Bxd2+ 7.Qxd2 d6 8.Nc3 e5
9.O-O Re8 10.e4 Bg4 11.d5 a5 12.Ne1 Na6 13.Nd3 Bd7 14.b3 c6 15.Rac1 Rec8
16.dxc6 Bxc6 17.Qe3 h6 18.Bh3 Rd8 19.Rfe1 Qf8 20.Nd5 Nxd5 21.exd5 Bd7 22.Bxd7 Rxd7
23.f4 exf4 24.Qxf4 Re7 25.Rxe7 Qxe7 26.Re1 Qd8 27.Kg2 b6 28.Qe3 Nc5 29.Nxc5 bxc5
30.Qe7 a4 31.Qxd8+ Rxd8 32.Re7 axb3 33.axb3 Rb8 34.Rd7 Rb6 35.Rd8+ Kh7 36.Rc8 Rxb3
37.Rc6 Rc3 38.Rxd6 Rxc4 39.Rc6 Rc2+ 40.Kg1 f6 41.d6 Kg6 42.d7 Rd2 43.Rxc5 Rxd7
44.h4 Re7 45.Kf2 f5 46.Kf3 Kf6 47.Ra5 Re5 48.Ra6+ Re6 49.Ra8 Rb6 50.Rf8+ Ke5
51.Re8+ Re6 52.Rg8 Re7 53.g4 Rf7 54.Ra8  1/2-1/2

[Event "Biel"]
[Site "Biel"]
[Date "1983.??.??"]
[Round "?"]
[White "Gheorghiu, Florin"]
[Black "Wirthensohn, Heinz"]
[Result "1/2-1/2"]
[WhiteElo "2475"]
[BlackElo "2425"]

1.Nf3 Nf6 2.c4 e6 3.d4 Bb4+ 4.Bd2 Bxd2+ 5.Qxd2 O-O 6.g3 d5 7.Bg2 Qe7 8.O-O Rd8
9.Qc2 Nc6 10.Rd1 dxc4 11.Na3 Nb4 12.Qxc4 b6 13.Ne5 Nfd5 14.e4 Ba6 15.Qb3 Nf6
16.Nc2 Nxc2 17.Nc6 Qe8 18.Qxc2 Rd7 19.Rac1 Bb7 20.b4 Bxc6 21.Qxc6 Rad8 22.e5 Nd5
23.Bxd5 Rxd5 24.Qxe8+ Rxe8 25.Rxc7 a5 26.Rb7 axb4 27.Rxb6 Red8 28.f4 Ra5
29.Rd2 Ra4 30.Rb2 g5 31.R6xb4 Rxd4 32.Rxa4 Rxa4 33.fxg5 Re4 34.Rb5 Ra4 35.Rb2 Re4
36.Kf2 Rxe5 37.a4 Rxg5 38.Ra2 Ra5 39.Ke3 Kf8 40.Kd4 Ke7 41.Kc4 Kd6  1/2-1/2

[Event "Elekes mem-A"]
[Site "Budapest"]
[Date "1983.??.??"]
[Round "?"]
[White "Tokaji, Nagy Gyorgy"]
[Black "Knezevic, Milorad"]
[Result "1/2-1/2"]
[WhiteElo "2260"]
[BlackElo "2435"]

1.d4 Nf6 2.c4 e6 3.Nf3 Bb4+ 4.Bd2 Qe7 5.e3 Bxd2+ 6.Qxd2 d6 7.Nc3 e5 8.dxe5 dxe5
9.Be2 O-O 10.O-O e4 11.Nd4 Rd8 12.Rfd1  1/2-1/2

[Event "Buenos Aires-B"]
[Site "Buenos Aires"]
[Date "1983.??.??"]
[Round "1"]
[White "Bronstein, Luis"]
[Black "Monier, Raul"]
[Result "1/2-1/2"]
[WhiteElo "2415"]
[BlackElo "2200"]

1.d4 Nf6 2.c4 e6 3.Nf3 Bb4+ 4.Bd2 Qe7 5.g3 Nc6 6.Bg2 Bxd2+ 7.Qxd2 Ne4 8.Qc2 Qb4+
9.Nc3 Nxc3 10.bxc3 Qe7 11.O-O d6 12.e3 O-O 13.Rab1 e5 14.Nh4 f5 15.Bd5+ Kh8
16.f4 g5 17.Nf3 gxf4 18.exf4 exf4 19.gxf4 Nd8 20.c5 Be6 21.c4 c6 22.Bxe6 Nxe6
23.cxd6 Qxd6 24.Rxb7  1/2-1/2

[Event "Buenos Aires"]
[Site "Buenos Aires"]
[Date "1983.??.??"]
[Round "11"]
[White "Hase, Juan C"]
[Black "Slipak, Sergio"]
[Result "1/2-1/2"]
[WhiteElo "2415"]
[BlackElo "2270"]

1.d4 Nf6 2.c4 e6 3.Nf3 Bb4+ 4.Bd2 Qe7 5.g3 Nc6 6.Bg2 Bxd2+ 7.Nbxd2 d6 8.O-O O-O
9.Qc2 a5 10.b3 e5 11.d5 Nb8 12.Ne1 Ne8 13.Nd3 f5 14.e3 Nf6 15.f4 Ng4 16.Rae1 e4
17.Nf2 Nxf2 18.Rxf2 Na6 19.a3 Qf6 20.Rb1 c5 21.dxc6 bxc6 22.g4 d5 23.gxf5 Bxf5
24.b4 axb4 25.axb4 Rfc8 26.Nf1 d4 27.Ng3  1/2-1/2

[Event "Capablanca mem-B"]
[Site "Cienfuegos"]
[Date "1983.??.??"]
[Round "?"]
[White "Lukacs, Peter"]
[Black "Vilela, Jose Luis"]
[Result "1-0"]
[WhiteElo "2460"]
[BlackElo "2440"]

1.d4 Nf6 2.c4 e6 3.Nf3 Bb4+ 4.Bd2 a5 5.Nc3 O-O 6.e3 Bxc3 7.Bxc3 Ne4 8.Rc1 d6
9.Bd3 Nxc3 10.Rxc3 Qe7 11.Qc2 h6 12.O-O Nd7 13.Ra3 c5 14.Rd1 b6 15.Be4 Ra7
16.Bc6 Rc7 17.Bxd7 Bxd7 18.Qb3 Rb7 19.dxc5 dxc5 20.Rxa5 Bc6 21.Ra6 Bxf3 22.gxf3 Qg5+
23.Kf1 Rfb8 24.Qc2 b5 25.cxb5 Rxb5 26.b3 Rb4 27.Rc6 Qh5 28.Ke2 Qxh2 29.Rxc5 Rf8
30.Qc3 Rb7 31.Rd4 Qb8 32.Rdc4 Qa7 33.a4 Rfb8 34.Rc8+ Rxc8 35.Rxc8+ Kh7 36.Qc2+ f5
37.Rc6 Re7 38.Qc4 Qd7 39.b4 Re8 40.b5 Rd8 41.Qc2 e5 42.Rc7 Qe6 43.e4 fxe4
44.Qxe4+ Kh8 45.Qg4  1-0

[Event "Bundesliga 8283"]
[Site "Germany"]
[Date "1983.??.??"]
[Round "?"]
[White "Gruenberg, Rainer"]
[Black "Cladouras, Panagiotis"]
[Result "1/2-1/2"]
[WhiteElo "2315"]
[BlackElo "2275"]

1.d4 Nf6 2.c4 e6 3.Nf3 Bb4+ 4.Bd2 Qe7 5.g3 O-O 6.Bg2 Nc6 7.O-O Bxd2 8.Qxd2 d6
9.Nc3 a5 10.e4 e5 11.d5 Nb8 12.Nh4 Na6 13.Rae1 c6 14.dxc6 bxc6 15.Nf5 Bxf5
16.exf5 Qc7 17.Ne4 Nxe4 18.Bxe4 f6 19.Rd1 Rfd8 20.Qe3 Rab8 21.Rd2 Nc5 22.Bg2 Re8
23.Rfd1 Rbd8 24.b3 e4 25.Rd4 Re5 26.f3 exf3 27.Qxf3 Qe7 28.h3 Qd7 29.Qxc6 Qxf5
30.Rxd6 Rxd6 31.Rxd6 h5 32.Rd5 Nd3 33.Rxe5 fxe5 34.Qd5+ Kf8 35.Qd8+ Kf7 36.Bd5+ Kg6
37.Qe8+ Kh6 38.Qh8+ Kg6 39.Qe8+ Kh6 40.Qe6+ Qxe6 41.Bxe6 Kg5 42.Kf1 Kf6 43.Bd5 Nc1
44.Kf2 Nxa2 45.Ke3 Nb4 46.Bf3 g6 47.Be4 Na6 48.Bc2 Nc5 49.Kf3 Kf7 50.Ke3 Kf6
51.Bd1  1/2-1/2

[Event "Bundesliga 8283"]
[Site "Germany"]
[Date "1983.??.??"]
[Round "?"]
[White "Werner, Dimo"]
[Black "Gawehns, Klaus"]
[Result "1-0"]
[WhiteElo "2340"]
[BlackElo "2335"]

1.d4 Nf6 2.Nf3 e6 3.c4 Bb4+ 4.Bd2 Qe7 5.g3 O-O 6.Bg2 Bxd2+ 7.Qxd2 d6 8.Nc3 e5
9.O-O Re8 10.e4 a5 11.h3 Bd7 12.Rfe1 Na6 13.Rad1 a4 14.Nd5 Nxd5 15.exd5 Qf6
16.dxe5 dxe5 17.d6 e4 18.Ng5 Qxd6 19.Qxd6 cxd6 20.Nxe4 Bc6 21.Nxd6 Rxe1+
22.Rxe1 Nc5 23.Re7 Bxg2 24.Kxg2 b6 25.b4 axb3 26.axb3 Nxb3 27.Rb7 h6 28.Rxb6 Nd4
29.Rb7 f5 30.Rd7 Ra3 31.h4 f4 32.gxf4 Ne6 33.f5 Nf4+ 34.Kg1 Kf8 35.f6 gxf6
36.Rf7+ Kg8 37.Rxf6 Ra1+ 38.Kh2 Nd3 39.Kg3 Rc1 40.Rxh6 Kg7 41.Re6 Nb2 42.h5 Nxc4
43.Re7+ Kh6 44.Rc7 Rg1+ 45.Kh2 Rf1 46.Kg2 Nd2 47.Ne4 Rd1 48.Rd7  1-0

[Event "Bundesliga 8283"]
[Site "Germany"]
[Date "1983.??.??"]
[Round "?"]
[White "Dankert, Peter"]
[Black "Mehler, Gerhard"]
[Result "1-0"]
[WhiteElo "2380"]
[BlackElo "2275"]

1.d4 Nf6 2.c4 e6 3.Nf3 Bb4+ 4.Bd2 a5 5.g3 d5 6.a3 Be7 7.Bg2 O-O 8.Qc2 Nbd7
9.O-O c6 10.cxd5 exd5 11.Nc3 Bd6 12.Rfe1 Re8 13.Rad1 h6 14.Bc1 Nf8 15.Nh4 Be6
16.Na4 N8d7 17.Nc5 Nxc5 18.dxc5 Be7 19.e4 Qc8 20.exd5 Nxd5 21.Rd4 Bf6 22.Rde4 Qd7
23.Bd2 Qc7 24.Nf5 Red8 25.Nd6 b6 26.Rxe6 fxe6 27.Bh3 Kh8 28.Qg6 Rxd6 29.cxd6 Qxd6
30.Bxh6 Qf8 31.Bc1 Qe8 32.Qc2 e5 33.Bf5 Qh5 34.Qxc6 Rd8 35.Be6 Ne7 36.Qe4 Rd4
37.Qa8+ Kh7 38.Qg2 Rd6 39.Ba2 g6  1-0

[Event "Bundesliga 8283"]
[Site "Germany"]
[Date "1983.??.??"]
[Round "?"]
[White "Ostermeyer, Peter"]
[Black "Cladouras, Panagiotis"]
[Result "1/2-1/2"]
[WhiteElo "2440"]
[BlackElo "2275"]

1.d4 Nf6 2.c4 e6 3.Nf3 Bb4+ 4.Bd2 Qe7 5.g3 Nc6 6.Bg2 O-O 7.O-O Bxd2 8.Qxd2 d6
9.Nc3 Re8 10.Rac1 e5 11.Nd5 Qd8 12.dxe5 dxe5 13.Rfd1 Bg4 14.Qg5 Bxf3 15.Nxf6+ Qxf6
16.Qxf6 gxf6 17.Bxf3 Nd4 18.Bh5 Rad8 19.e3 Ne6 20.b4 Kf8 21.Bf3 c6 22.Be4 h6
23.h4 Ke7 24.Kg2 Ng7 25.g4 Ne6 26.Kf3 a5 27.a3 Rxd1 28.Rxd1 axb4 29.axb4 Ra8
30.b5 cxb5 31.cxb5 Nc5 32.Rc1 Kd6 33.Rd1+ Ke7 34.Rc1  1/2-1/2

[Event "Hamar op"]
[Site "Hamar"]
[Date "1983.??.??"]
[Round "5"]
[White "Sjoberg, Mats"]
[Black "Bass, Leonid"]
[Result "0-1"]
[WhiteElo "2370"]
[BlackElo "2405"]

1.d4 Nf6 2.c4 e6 3.Nf3 Bb4+ 4.Bd2 a5 5.g3 O-O 6.Bg2 Bxd2+ 7.Qxd2 Ne4 8.Qc2 f5
9.Nc3 Nxc3 10.Qxc3 Qe7 11.O-O d6 12.Rfe1 Nd7 13.e4 f4 14.e5 dxe5 15.Nxe5 Nxe5
16.Rxe5 Qf6 17.Re4 Qh6 18.Rae1 Bd7 19.d5 exd5 20.Re7 d4 21.Qxd4 Bc6 22.Bxc6 bxc6
23.Rxc7 Rad8 24.Rd7 Rxd7 25.Qxd7 f3 26.h4 Qg6 27.Re7 Qb1+ 28.Kh2 Qxb2 29.Kh3 h6
30.Qxc6 Qxf2 31.Qd5+ Kh8 32.Qe5 Qf1+ 33.Kg4 Qxc4+ 34.Kh5 Rf6 35.Rc7 Qe2 36.Qxe2 fxe2
37.Re7 Rf3 38.Rxe2 Rxg3 39.a4 Kh7 40.Re7 Rc3 41.Ra7 Rc5+ 42.Kg4 h5+ 43.Kg3 Kh6
44.Ra6+ g6 45.Ra7 Rc3+ 46.Kg2 Rc4 47.Rxa5 Rxh4 48.Ra8 Kg5 49.Ra5+ Kh6 50.Ra8 Rb4
51.a5 Ra4 52.a6 Ra3 53.a7 Kh7 54.Kh2 g5 55.Kg2 h4 56.Kf2 g4 57.Ke2 h3 58.Rb8 Rxa7
59.Rb4 h2  0-1

[Event "Hannover"]
[Site "Hannover"]
[Date "1983.??.??"]
[Round "8"]
[White "Torre, Eugenio"]
[Black "Ostermeyer, Peter"]
[Result "1/2-1/2"]
[WhiteElo "2570"]
[BlackElo "2450"]

1.d4 Nf6 2.Nf3 e6 3.c4 Bb4+ 4.Bd2 a5 5.Nc3 b6 6.e3 Bb7 7.Bd3 Bxc3 8.Bxc3 Ne4
9.Qc2 f5 10.O-O O-O 11.Nd2 Qh4 12.f3 Nxc3 13.Qxc3 Nc6 14.f4 Ne7 15.g3 Qf6
16.e4 fxe4 17.Nxe4 Bxe4 18.Bxe4 Rab8 19.Rad1 Nf5 20.Qd3 g6 21.b3 c6 22.Rfe1 b5
23.c5 h5 24.Bg2 Kg7 25.Re5 Ra8 26.Rde1 a4 27.b4 Rac8 28.Be4 Ne7 29.Rf1 Rf7
30.Rf3 Rh8 31.Kf1 Rd8 32.Qc3 Rff8 33.Kg2 Rh8  1/2-1/2

[Event "Hannover"]
[Site "Hannover"]
[Date "1983.??.??"]
[Round "10"]
[White "Chen De"]
[Black "Hartmann, W."]
[Result "0-1"]
[WhiteElo "2320"]
[BlackElo "2290"]

1.d4 Nf6 2.c4 e6 3.Nf3 Bb4+ 4.Bd2 a5 5.e3 O-O 6.Bd3 d6 7.Nc3 e5 8.Qc2 Re8
9.dxe5 dxe5 10.a3 Bf8 11.Ng5 g6 12.h4 Qe7 13.h5 h6 14.Nge4 Nxe4 15.Bxe4 g5
16.Nd5 Qd8 17.Bf5 Nd7 18.e4 c6 19.Ne3 Nc5 20.Bc3 a4 21.Rd1 Qc7 22.O-O Be6
23.g3 Nb3 24.Kg2 Red8 25.Bxe6 fxe6 26.Ng4 Bg7 27.Rxd8+ Rxd8 28.Rd1 Rf8 29.Qd3 Qf7
30.Bxe5 Qxh5 31.Bxg7 Kxg7 32.Qc3+ Kg8 33.Rd7 Qg6 34.Qe5 h5 35.Ne3 b6 36.Rd6 Nc5
37.Rxc6 g4 38.Nf5 Qf6 39.Qf4 Nd3 40.Qe3 Ne5 41.Nh6+ Kg7 42.Rc7+ Kg6 43.Kf1 Qf3
44.Qxf3 gxf3 45.Re7 Kf6 46.Rb7 Nxc4 47.g4 Kg6 48.Rc7 Nd2+ 49.Ke1 Nxe4 50.Rc6 Kxh6
51.Rxe6+ Nf6 52.gxh5 Re8  0-1

[Event "Hastings8384"]
[Site "Hastings"]
[Date "1983.??.??"]
[Round "4"]
[White "Ftacnik, Lubomir"]
[Black "Karlsson, Lars"]
[Result "1/2-1/2"]
[WhiteElo "2535"]
[BlackElo "2505"]

1.d4 Nf6 2.c4 e6 3.Nf3 Bb4+ 4.Bd2 a5 5.g3 b6 6.Bg2 Bb7 7.O-O O-O 8.Bf4 Be7
9.Nc3 Ne4 10.Na4 d6 11.Qc2 Nd7 12.Rfd1 f5 13.Nd2 Ndf6 14.Nxe4 Bxe4 15.Bxe4 Nxe4
16.f3 Nf6 17.Nc3 Nh5 18.Be3 f4 19.Bf2 d5 20.cxd5 fxg3 21.hxg3 exd5 22.Kg2 c6
23.Rh1 g6 24.Rh3 Ra7 25.Rah1 Bb4 26.Nd1 Qe8 27.e3 Bd6 28.g4 Nf6 29.Rh6 Qc8
30.g5 Ne8 31.Nc3 Rf5 32.f4 Bf8 33.R6h3 Nd6 34.Rc1 Raf7 35.Be1 Qe6 36.b3 c5
37.Ne2 Ne4 38.Qd3 Bd6 39.Ng3 Nxg3 40.Rxg3 Rc7 41.dxc5 bxc5 42.Rf3 c4 43.bxc4 dxc4
44.Qb1 Bb4 45.Bxb4  1/2-1/2

[Event "Havana-B"]
[Site "Havana"]
[Date "1983.??.??"]
[Round "3"]
[White "Rivas Pastor, Manuel"]
[Black "Rodriguez, Amador"]
[Result "1/2-1/2"]
[WhiteElo "2465"]
[BlackElo "2475"]

1.d4 Nf6 2.c4 e6 3.Nf3 Bb4+ 4.Bd2 a5 5.g3 O-O 6.Bg2 b6 7.O-O Ba6 8.Bg5 Be7
9.Nbd2 h6 10.Bxf6 Bxf6 11.e4 d6 12.e5 dxe5 13.dxe5 Be7 14.Qe2 Ra7 15.Rfd1 c5
16.Ne4 Rd7 17.Rxd7 Qxd7 18.Rd1 Qc7 19.Nc3 Nc6 20.Qe4 Rd8 21.Rxd8+ Nxd8 22.Nd2 Qd7
23.Qe2 Nc6 24.f4 f6 25.exf6 Bxf6 26.Kh1  1/2-1/2

[Event "Havana"]
[Site "Havana"]
[Date "1983.??.??"]
[Round "3"]
[White "Hernandez, Roman"]
[Black "Ochoa de Echaguen, F Javier"]
[Result "1-0"]
[WhiteElo "2435"]
[BlackElo "2400"]

1.d4 Nf6 2.Nf3 e6 3.c4 Bb4+ 4.Bd2 Qe7 5.g3 Nc6 6.Bg2 Bxd2+ 7.Nbxd2 d6 8.O-O O-O
9.e4 e5 10.d5 Nb8 11.b4 Bg4 12.h3 Bxf3 13.Qxf3 a5 14.a3 Na6 15.Qc3 axb4 16.axb4 c5
17.dxc6 bxc6 18.Ra5 c5 19.b5 Nb4 20.Rfa1 Qb7 21.f4 Nd7 22.Nf1 Rxa5 23.Rxa5 Ra8
24.Rxa8+ Qxa8 25.Qd2 Qb8 26.Ne3 g6 27.Ng4 h5 28.Nf2 Qc7 29.f5 Kg7 30.g4 Nf6
31.Bf3 h4 32.g5 Nd7 33.Ng4 d5 34.f6+ Kf8 35.exd5 e4 36.d6 Qa5 37.Bxe4 Qa1+
38.Kg2 Ke8 39.Bc6 Kd8 40.Qe3 Qa2+ 41.Kf3  1-0

[Event "Havana"]
[Site "Havana"]
[Date "1983.??.??"]
[Round "4"]
[White "Hernandez, Roman"]
[Black "Garcia Gonzales, Guillermo"]
[Result "1/2-1/2"]
[WhiteElo "2435"]
[BlackElo "2515"]

1.d4 Nf6 2.c4 e6 3.Nf3 Bb4+ 4.Bd2 a5 5.g3 O-O 6.Bg2 d5 7.cxd5 exd5 8.O-O Bxd2
9.Qxd2 Ne4 10.Qc1 Bf5 11.Nc3 Nxc3 12.Qxc3 Be4 13.Ne1 Bxg2  1/2-1/2

[Event "Havana"]
[Site "Havana"]
[Date "1983.??.??"]
[Round "5"]
[White "Garcia Gonzales, Guillermo"]
[Black "Ochoa de Echaguen, F Javier"]
[Result "1/2-1/2"]
[WhiteElo "2515"]
[BlackElo "2400"]

1.d4 Nf6 2.c4 e6 3.Nf3 Bb4+ 4.Bd2 a5 5.g3 b6 6.Bg2 O-O 7.O-O Ba6 8.Qc2 Bb7
9.Bg5 Be7 10.Nc3 h6 11.Bxf6 Bxf6  1/2-1/2

[Event "Havana-B"]
[Site "Havana"]
[Date "1983.??.??"]
[Round "6"]
[White "Ortega, Lexy"]
[Black "Rivas Pastor, Manuel"]
[Result "1/2-1/2"]
[WhiteElo "2425"]
[BlackElo "2465"]

1.d4 Nf6 2.c4 e6 3.Nf3 Bb4+ 4.Bd2 a5 5.g3 d5 6.Bg2 dxc4 7.O-O Nc6 8.e3 Nd5
9.Qe2 Nb6 10.Bc3 O-O 11.Nbd2  1/2-1/2

[Event "Havana-B"]
[Site "Havana"]
[Date "1983.??.??"]
[Round "8"]
[White "Rivas Pastor, Manuel"]
[Black "Garcia Martinez, Silvino"]
[Result "1-0"]
[WhiteElo "2465"]
[BlackElo "2435"]

1.d4 Nf6 2.c4 e6 3.Nf3 Bb4+ 4.Bd2 Qe7 5.g3 Nc6 6.Bg2 Bxd2+ 7.Nbxd2 d6 8.O-O a5
9.e4 e5 10.d5 Nb8 11.Qc2 c5 12.Ne1 h5 13.h4 Ng4 14.Qc3 g5 15.f3 Nh6 16.hxg5 Qxg5
17.f4 Qg7 18.fxe5 dxe5 19.Nef3 Nd7 20.Nh4 Rg8 21.Rf3 Nf8 22.Qb3 Ng6 23.Qb5+ Bd7
24.Qxb7 Rc8 25.Bh3 Ng4 26.Nf5 Qf6 27.Raf1 Nf4 28.gxf4 exf4 29.Kh1 Kf8 30.Qxd7  1-0

[Event "Havana-B"]
[Site "Havana"]
[Date "1983.??.??"]
[Round "9"]
[White "Nogueiras, Jesus"]
[Black "Pinal, Nelson Borges"]
[Result "1/2-1/2"]
[WhiteElo "2490"]
[BlackElo "2405"]

1.d4 Nf6 2.c4 e6 3.Nf3 Bb4+ 4.Bd2 Qe7 5.g3 O-O 6.Bg2 Bxd2+ 7.Qxd2 d6 8.Nc3 e5
9.O-O Re8 10.e4 Bg4 11.Ne1 Nc6 12.f4 exd4 13.Nd5 Nxd5 14.cxd5 Nd8 15.Qxd4 c5
16.Qd2 Bd7 17.Nc2 f6 18.b4 Rc8 19.Rab1 b5 20.bxc5 Rxc5 21.Nd4 Nf7 22.Qa5 Rc4
23.Nxb5 a6 24.Na3 Ra4 25.Qc3 Rc8 26.Qb3 Rxe4 27.Bxe4 Qxe4 28.Rfe1 Qd4+ 29.Qe3 Qxd5
30.Rbd1 Qh5 31.Nc4 h6 32.Qd4 Bc6 33.Ne3 Re8 34.Ng2 Be4 35.Qf2 d5 36.Ne3 Nd6
37.Rd2 Nc4 38.g4 Qh3 39.Nxc4 Qxg4+ 40.Qg3 Qxg3+ 41.hxg3 dxc4 42.Rd4  1/2-1/2

[Event "Havana-B"]
[Site "Havana"]
[Date "1983.??.??"]
[Round "9"]
[White "Frias, Victor J"]
[Black "Rivas Pastor, Manuel"]
[Result "1/2-1/2"]
[WhiteElo "2440"]
[BlackElo "2465"]

1.c4 Nf6 2.Nf3 e6 3.d4 Bb4+ 4.Bd2 a5 5.g3 b6 6.Bg2 O-O 7.O-O Ba6 8.Qc2 d5
9.cxd5 exd5 10.Nc3 Re8 11.Bg5 c6 12.Ne5 h6 13.Bxf6 Qxf6 14.Na4 Qd8 15.Rfd1 Bb7
16.e4 Bd6 17.Rac1 Bxe5 18.dxe5 Rxe5 19.exd5 c5 20.Re1 Rxe1+ 21.Rxe1 Nd7 22.Qb3 Rb8
23.Qb5 Ba8 24.d6 Bxg2 25.Kxg2 Nf6 26.Qc6 Qd7 27.Qc7  1/2-1/2

[Event "Havana"]
[Site "Havana"]
[Date "1983.??.??"]
[Round "11"]
[White "Fernandez, Juan C"]
[Black "Garcia Gonzales, Guillermo"]
[Result "1/2-1/2"]
[WhiteElo "2410"]
[BlackElo "2515"]

1.d4 Nf6 2.c4 e6 3.Nf3 Bb4+ 4.Bd2 a5 5.e3 b6 6.Bd3 Bb7 7.O-O O-O 8.a3 Bxd2
9.Nbxd2 d6 10.b4 Nbd7 11.Qc2  1/2-1/2

[Event "Havana-B"]
[Site "Havana"]
[Date "1983.??.??"]
[Round "12"]
[White "Garcia Martinez, Silvino"]
[Black "Cruz Lima, Jose M"]
[Result "1-0"]
[WhiteElo "2435"]
[BlackElo "2325"]

1.d4 Nf6 2.c4 e6 3.Nf3 Bb4+ 4.Bd2 Qe7 5.g3 b6 6.Bg2 Bb7 7.O-O Bxd2 8.Nbxd2 O-O
9.Qc2 c5 10.e4 d5 11.exd5 exd5 12.Rfe1 Qd6 13.Nh4 Nc6 14.Nf5 Nxd4 15.Nxd6 Nxc2
16.Nxb7 Nxa1 17.Rxa1 Rab8 18.Nd6 Rbd8 19.Nf5 Rfe8 20.cxd5 Nxd5 21.Nc4 Nf6
22.a4 g6 23.Nfe3 Rd4 24.Bc6 Rb8 25.Bb5 Ne8 26.Ne5 Rd2 27.N5c4 Rd5  1-0

[Event "Havana"]
[Site "Havana"]
[Date "1983.??.??"]
[Round "13"]
[White "Garcia Palermo, Carlos"]
[Black "Ochoa de Echaguen, F Javier"]
[Result "1/2-1/2"]
[WhiteElo "2455"]
[BlackElo "2400"]

1.Nf3 Nf6 2.d4 e6 3.c4 Bb4+ 4.Bd2 Qe7 5.e3 Ne4 6.Bxb4 Qxb4+ 7.Nbd2 Nxd2 8.Qxd2 Qxd2+
9.Kxd2 b6 10.Be2 Bb7 11.Rhd1 d6 12.Rac1 Nd7  1/2-1/2

[Event "Poutiainen mem"]
[Site "Helsinki"]
[Date "1983.??.??"]
[Round "?"]
[White "Kuligowski, Adam"]
[Black "Schussler, Harry"]
[Result "0-1"]
[WhiteElo "2420"]
[BlackElo "2485"]

1.d4 Nf6 2.c4 e6 3.Nf3 Bb4+ 4.Bd2 Bxd2+ 5.Qxd2 O-O 6.Nc3 d5 7.e3 Qe7 8.Rc1 Nbd7
9.cxd5 exd5 10.Bd3 c6 11.Qc2 Re8 12.O-O Ne4 13.b4 a6 14.a4 Nb6 15.Bxe4 dxe4
16.Nd2 Bf5 17.f3 Nd5 18.Nxd5 cxd5 19.fxe4 Rac8 20.Qb1 Rxc1 21.Rxc1 Qg5 22.Rc3 dxe4
23.Qe1 Bd7 24.Rc5 Qg6 25.a5 b6 26.axb6 Qxb6 27.Nc4 Qe6 28.Qg3 Bb5 29.Nd6 Rf8
30.h3 Bd3 31.Nf5 g6 32.Re5 Qf6 33.Ne7+ Kg7 34.Nd5 Qd6 35.Qh4 Rc8 36.Ne7 Rc1+
37.Kh2 f6 38.Qg3 Kf7 39.Qf2 Kg7 40.Qg3 Kf7 41.Qf2 Rc7 42.Nd5 Kg7 43.Nxf6 Qxf6
44.Qg3 Qd6 45.h4 h5 46.Qg5 Rf7 47.Qg3 Rf5 48.Rc5 Qxg3+ 49.Kxg3 Rf6 50.Rc7+ Kf8
51.Rb7 Ke8 52.Rc7 Bb5 53.Rc5 Kd7 54.Re5 Bd3 55.Rc5 Rb6 56.Kf4 Rxb4 57.Rg5 Rb6
58.g4 hxg4 59.Kxg4 Rf6  0-1

[Event "Poutiainen mem"]
[Site "Helsinki"]
[Date "1983.??.??"]
[Round "?"]
[White "Schussler, Harry"]
[Black "Rantanen, Yrjo A"]
[Result "0-1"]
[WhiteElo "2485"]
[BlackElo "2435"]

1.d4 Nf6 2.c4 e6 3.Nf3 Bb4+ 4.Bd2 a5 5.Nc3 O-O 6.Bg5 d5 7.e3 h6 8.Bh4 Re8
9.Rc1 Nbd7 10.Bd3 c6 11.O-O dxc4 12.Bxc4 a4 13.a3 Bf8 14.e4 Qa5 15.Ba2 b5
16.Bxf6 Nxf6 17.e5 Nd5 18.Ne4 b4 19.Nc5 bxa3 20.bxa3 Nc3 21.Qd2 Nb5 22.Qe3 Rd8
23.Rfd1 Qa7 24.h4 Bd7 25.Nd2 Be8 26.Nde4 Rab8 27.h5 Nc7 28.Bb1 Nd5 29.Qd3 Be7
30.g3 Kf8 31.Nd2 Bxc5 32.Rxc5 Ne7 33.Qc3 Nf5 34.Bxf5 exf5 35.Rc4 f4 36.gxf4 c5
37.Rxc5 Qd7 38.Nf3 Rb3 39.Qc2 Qg4+ 40.Kf1 Qh3+ 41.Ke1 Qxf3  0-1